| 000 | 00404nam a22001577a 4500 | ||
|---|---|---|---|
| 999 |
_c8901 _d8901 |
||
| 003 | OSt | ||
| 008 | 200713b ||||| |||| 00| 0 eng d | ||
| 022 | _a9788185731896 | ||
| 100 | _aKamboj , P.C. | ||
| 245 | _aPharmaceutical Analysis-1 | ||
| 250 | _a2019 | ||
| 260 |
_aNew Delhi _bVallabh Publication |
||
| 300 | _aPg-706 | ||
| 650 | _aPharmaceutical Analysis and Quality Assurance | ||
| 942 |
_2ddc _cBK _05 |
||